[Geometry Dash] Guess the Extreme Demon 3! - Statistics

General Stats
  • This quiz has been taken 267 times
  • The average score is 10 of 16
Answer Stats
Picture Answer % Correct
Sonic Wave
98%
Silent Clubstep
97%
Acheron
94%
Yatagarasu
92%
Conical Depression
89%
Stereo Extremeness
81%
Sunset Sandstorm
75%
Ouroboros
66%
Super Probably Level
65%
Verdant Landscape
60%
Mayhem
55%
Digital Descent
51%
Cybernetic Crescent
36%
Aronia
14%
Gamma
13%
Sigma
13%
No matching quizzes found
Score Distribution
Percent of People with Each Score
Percentile by Number Answered
Your Score History
You have not taken this quiz